000 00328nam a22001457a 4500
008 210303b ||||| |||| 00| 0 eng d
020 _a9780471144175
041 _aeng
080 _a37
082 _a37
100 _a25
101 _aEDU
245 _aBack from the edge new life for downtown
_cGratz, R.B
942 _2udc
_cBK
999 _c55598
_d55598